000 00420nam a22001697a 4500
999 _c524174
_d524174
003 NUST
038 _aabdul basit
082 _a891.42
_bRAN
100 _aRana, Aslam
_914826
245 _aYar farid /
_cAslam Rana
260 _aLahore :
_bNeli bar acadme,
_c1978.
300 _a111 p. ;
500 _aPapercover.
880 _6100-02\r
_aاسلم رانا
880 _6245-02\r
_aیار فرید /
942 _2ddc
_cBK